000
00314nam a2200145Ia 4500
100
_a
Shanley/Tom/ Anderson Don
250
_a
2
942
_c
BK
654
_a
computer
245
_a
EISA Systems Architecture
260
_b
Addison Wesley Pub
_a
NONE
_c
1995
300
_a
207
546
_a
ENGLISH
999
_c
25633
_d
25633